Xerophytes /

Saved in:

Main Author: Fahn, A., 1916-

Other Authors: Cutler, D. F. 1939-

Format: Book

Language: English

Published: Berlin : Gebr. Borntraeger, 1992.

Series: Handbuch der Pflanzenanatomie (1956) ; Bd. 13, T. 3.

Subjects:

Tags: Add Tag

No Tags, Be the first to tag this record!

Call Number: QK922 .F33

LEADER 00729nam a22002297a 4500
003 OSt
005 20251117132932.0
008 251117t1992 gw ab b 001 0 eng d
020 |a 344314019X 
040 |c ARCE Library 
050 1 4 |a QK922  |b .F33 
100 1 |a Fahn, A.,   |d 1916-  
245 1 0 |a Xerophytes /   |c by Abraham Fahn and David F. Cutler. 
264 1 |a Berlin :  |b Gebr. Borntraeger,  |c 1992. 
300 |a ix, 176 p. :  |b ill., maps ;  |c 25 cm. 
490 0 |a Handbuch der Pflanzenanatomie (1956) ;   |v Bd. 13, T. 3. 
504 |a Includes bibliographical references (p. 144-163) and indexes. 
650 0 |a Xerophytes. 
700 1 |a Cutler, D. F.   |q (David Frederick),   |d 1939-  
901 |a reviewed 
942 |2 lcc  |c BK 
999 |c 48740  |d 48740